000 00516nam a2200205 a 4500
001 11244
003 CO-ViMGA
008 141112s2004 ck r 000 u spa d
020 _a8401496748
040 _aCO-ViMGA
_bspa
_cCO-ViMGA
082 0 4 _a813.5 A74c3
100 1 _aAsimov, Isaac
_915670
245 1 0 _aCrónicas
250 _a4
260 _aBarcelona,
_cPlaza y Janes editores,
_c1999
300 _a431 p.
490 _aLos jet plaza y janes
650 1 4 _aCUENTOS ESTADOUNIDENSES
_92727
942 _2ddc
_cBK
999 _c22454
_d22454